000 00607nam a22002057a 4500
005 20090112093515.0
006 a|||||r|||||00| 0
007 ta
008 090112t xxu||||| |||| 00| 0 eng d
022 _a0970-1710
040 _adpl
041 _aeng
082 _a320.954
245 _aFrontline
260 _aChennai
_bFrontline
_c1983-
300 _av.
_bphotos (col)
_c26 cm.
310 _afortnightly
942 _2ddc
_cSR
_h320.954
_mFRO
_s1
999 _c20831
_d20831